La bella durmiente ; La sirenita / (Registro nro. 12146)

Detalles MARC
000 -LIDER
fixed length control field 00707nam a22002537a 4500
001 - NÚMERO DE CONTROL
Identificador de número de control 10478
003 - IDENTIFICACDOR DE NÚMERO DE CONTROL
control field DO-SdBNP
005 - DATE AND TIME OF LATEST TRANSACTION
control field 20180216090044.0
008 - ELEMENTOS DE LONGITUD FIJA
fixed length control field 161129b 00| 0 spa d
020 ## - ISBN
International Standard Book Number 9788430568604
040 ## - FUENTE DE CATALOGACIÓN
Agencia que crea de manera original el registro BPMSU
Idioma de catalogación spa
Agencia que realiza la transcripción BPMSU
082 ## - NÚMERO DE CLASIFICACIÓN DECIMAL DE DEWEY
Classification number
Item number
100 ## - ASIENTO PRINCIPAL -- NOMBRE PERSONAL
Nombre personal [Perrault, Charles]
Fechas asociadas con el nombre 1628-1703
245 ## - MENCIÓN DE TITULO
Título La bella durmiente ; La sirenita /
Subtítulo [Charles Perrault, Walt Disney]
260 ## - PUBLICACIÓN, DISTRIBUCIÓN, ETC. (PIE DE IMPRENTA)
Lugar de publicación, distribución, etc Madrid :
Nombre del editor, distribuidor, etc. Susaeta Ediciones,
300 ## - DESCRIPCIÓN FÍSICA
Extensión 18 p. :
Otros detalles físicos il. ;
Dimensiones 17 cm.
490 ## - MENCIÓN DE SERIES
Mención de serie Clásicos brillantes
700 ## - ASIENTO SECUNDARIO -- NOMBRE PERSONAL
Nombre personal Disney, Walt
740 ## - ASIENTO SECUNDARIO DE TÍTULOS RELACIONADOS O ANALÍTICOS NO CONTROLADOS
Título analítico o relacionado no controlado La sirenita
830 ## - ASIENTO SECUNDARIO DE SERIE--TÍTULO UNIFORME
Título uniforme Clásicos brillantes
942 ## - ADDED ENTRY ELEMENTS (KOHA)
Source of classification or shelving scheme Dewey Decimal Classification
Koha item type Libros
945 ## - INFORMACIÓN DE PROCESAMIENTO LOCAL
Información de procesamiento local inventariado, 2018 / dg
956 ## - LOCAL ELECTRONIC LOCATION AND ACCESS (OCLC)
Nombre de host VMATEO
Número de acceso 10
Información de compresión 20161129
Trayectoria BPMSU
Nombre Electrónico 0069
Existencias
Withdrawn status Lost status Source of classification or shelving scheme Damaged status Not for loan Collection code Home library Current library Date acquired Source of acquisition Total Checkouts Barcode Date last seen Price effective from Koha item type
    Dewey Decimal Classification     Colección Infantil General Biblioteca Pública Metropolitana Salomé Ureña Biblioteca Pública Metropolitana Salomé Ureña 11/29/2016 sellar   BPMSU16111618 11/29/2016 11/29/2016 Libros